| 000 | 00750pam a2200253 i 4500 | ||
|---|---|---|---|
| 008 | |||
| 020 | _a0721619843(hbk.) | ||
| 049 | _aMAIN | ||
| 090 | _aQD31.2 | ||
| 245 | 0 | 0 |
_aChemistry : _ba modern introduction / _cFrank Brescia. |
| 250 | _a2nd ed. | ||
| 260 |
_aPhiladelphia : _bSaunders, _c1978. |
||
| 300 |
_a819 p. in various pagings, [5] leaves of plates : _bill. ; _c28 cm. |
||
| 440 | _aSaunders golden sunburst series | ||
| 500 | _aIncludes index. | ||
| 504 | _aIncludes bibliographical references. | ||
| 650 | 0 | _aChemistry. | |
| 700 | 1 | _aBrescia, Frank | |
| 907 |
_a.b1001276x _b12-09-06 _c17-04-03 |
||
| 003 | |||
| 005 | 20230123134132.0 | ||
| 040 | _cNUST | ||
| 942 |
_cBOOKS _kQD31.2 |
||
| 999 |
_c160674 _d160674 |
||